<?xml version="1.0" encoding="UTF-8"?>
<record
    xmlns:xsi="http://www.w3.org/2001/XMLSchema-instance"
    xsi:schemaLocation="http://www.loc.gov/MARC21/slim http://www.loc.gov/standards/marcxml/schema/MARC21slim.xsd"
    xmlns="http://www.loc.gov/MARC21/slim">

  <leader>00825nam a22001817a 4500</leader>
  <controlfield tag="003">UA-OsUOA</controlfield>
  <controlfield tag="001"> 9794 </controlfield>
  <controlfield tag="007">ta</controlfield>
  <controlfield tag="008">20041204b un ||||| |||| 00| 0 ukr d</controlfield>
  <datafield tag="100" ind1=" " ind2=" ">
    <subfield code="a">&#x41F;&#x430;&#x441;&#x454;&#x43A;&#x430; &#x420;.</subfield>
  </datafield>
  <datafield tag="942" ind1=" " ind2=" ">
    <subfield code="c">SA</subfield>
  </datafield>
  <datafield tag="040" ind1=" " ind2=" ">
    <subfield code="a">UA-OsUOA</subfield>
    <subfield code="c">UA-OsUOA</subfield>
    <subfield code="d">UA-OsUOA</subfield>
  </datafield>
  <datafield tag="245" ind1=" " ind2=" ">
    <subfield code="a">&#x420;&#x430;&#x457;&#x441;&#x430; &#x41F;&#x430;&#x441;&#x454;&#x43A;&#x430;, &#x44F;&#x43A;&#x430; &#x436;&#x438;&#x432;&#x435;... &#x432;&#x434;&#x440;&#x443;&#x433;&#x435;, &#x43F;&#x43E;&#x432;&#x435;&#x440;&#x442;&#x430;&#x454; &#x436;&#x456;&#x43D;&#x43A;&#x430;&#x43C; &#x43D;&#x435;&#x432;'&#x44F;&#x43D;&#x443;&#x447;&#x443; &#x43A;&#x440;&#x430;&#x441;&#x443; &#x456; &#x43C;&#x43E;&#x43B;&#x43E;&#x434;&#x456;&#x441;&#x442;&#x44C; &#x443; &#x447;&#x443;&#x434;&#x43E;&#x432;&#x43E;&#x43C;&#x443; &#x441;&#x430;&#x43B;&#x43E;&#x43D;&#x456;-&#x441;&#x442;&#x443;&#x434;&#x456;&#x457; "&#x415;&#x43B;&#x435;&#x433;&#x430;&#x43D;&#x442;"</subfield>
    <subfield code="b">[&#x41F;&#x440;&#x43E; &#x441;&#x430;&#x43B;&#x43E;&#x43D;-&#x441;&#x442;&#x443;&#x434;&#x456;&#x44E; "&#x415;&#x43B;&#x435;&#x433;&#x430;&#x43D;&#x442;" . &#x449;&#x43E; &#x443; &#x43C;. &#x41A;&#x443;&#x437;&#x43D;&#x435;&#x446;&#x43E;&#x432;&#x441;&#x44C;&#x43A;&#x443;. &#x420;&#x43E;&#x437;&#x43C;&#x43E;&#x432;&#x430; &#x437; &#x434;&#x438;&#x440;. - &#x420;. &#x41F;&#x430;&#x441;&#x454;&#x43A;&#x43E;&#x44E; / &#x420;&#x43E;&#x437;&#x43C;&#x43E;&#x432;&#x43B;&#x44F;&#x432; &#x41E;. &#x411;&#x44F;&#x43B;&#x438;&#x439;]</subfield>
  </datafield>
  <datafield tag="300" ind1=" " ind2=" ">
    <subfield code="a">&#x421;.4</subfield>
  </datafield>
  <datafield tag="955" ind1=" " ind2=" ">
    <subfield code="a">0</subfield>
  </datafield>
  <datafield tag="773" ind1="0" ind2=" ">
    <subfield code="w">0</subfield>
    <subfield code="t">&#x412;&#x456;&#x43B;&#x44C;&#x43D;&#x435; &#x441;&#x43B;&#x43E;&#x432;&#x43E;</subfield>
    <subfield code="d">&#x420;&#x456;&#x432;&#x43D;&#x435;</subfield>
    <subfield code="d">2004</subfield>
    <subfield code="g">&#x2116;91/1 &#x433;&#x440;&#x443;&#x434;./</subfield>
  </datafield>
  <datafield tag="650" ind1=" " ind2="7">
    <subfield code="a">&#x415;&#x43B;&#x435;&#x433;&#x430;&#x43D;&#x442;</subfield>
    <subfield code="2">UDC</subfield>
  </datafield>
  <datafield tag="999" ind1=" " ind2=" ">
    <subfield code="c">295955</subfield>
    <subfield code="d">295955</subfield>
  </datafield>
</record>
